Catálogo
 En Linea

Antonio de Castro Alves, 1847-1871 : (Registro nro. 17521)

Detalles MARC
000 -CABECERA
campo de control de longitud fija 00907cam a2200217u 4500
001 - NÚMERO DE CONTROL
campo de control 000017999
005 - FECHA Y HORA DE LA ÚLTIMA TRANSACCIÓN
campo de control 20200929165318.0
008 - DATOS DE LONGITUD FIJA--INFORMACIÓN GENERAL
campo de control de longitud fija 810304s1958 gw 000 0bger
040 ## - FUENTE DE LA CATALOGACIÓN
Centro catalogador/agencia de origen DO-SdBNP
Lengua de catalogación spa
Centro/agencia transcriptor BNPHU
100 1# - ENTRADA PRINCIPAL--NOMBRE DE PERSONA
Nombre de persona Horch, Hans Jurgen
9 (RLIN) 39022
245 10 - MENCIÓN DE TÍTULO
Título Antonio de Castro Alves, 1847-1871 :
Resto del título Seine Sklavendichtung und ihre Beziehungen zur Abolition in Brasilien /
Mención de responsabilidad, etc. Hans Jurgen Horch.
260 ## - PUBLICACIÓN, DISTRIBUCIÓN, ETC.
Lugar de publicación, distribución, etc. Hamburg :
Nombre del editor, distribuidor, etc. Kommissionsverlag,
Fecha de publicación, distribución, etc. 1958.
300 ## - DESCRIPCIÓN FÍSICA
Extensión 384 p. ;
Dimensiones 25 cm.
490 1# - MENCIÓN DE SERIE
Mención de serie Hamburger romanistische Studien,
-- B. Ibero-amerikanische Reihe
Designación de volumen o secuencia 26
500 ## - NOTA GENERAL
Nota general Incluye índice
500 ## - NOTA GENERAL
Nota general Incluye referencias bibliográficas y notas al pie de las páginas
600 20 - PUNTO DE ACCESO ADICIONAL DE MATERIA--NOMBRE DE PERSONA
Nombre de persona Castro Alves, Antonio de,
Fechas asociadas al nombre 1847-1871.
9 (RLIN) 39023
650 #4 - PUNTO DE ACCESO ADICIONAL DE MATERIA--TÉRMINO DE MATERIA
Término de materia o nombre geográfico como elemento de entrada Slavery in literature.
9 (RLIN) 39024
650 #4 - PUNTO DE ACCESO ADICIONAL DE MATERIA--TÉRMINO DE MATERIA
Término de materia o nombre geográfico como elemento de entrada Slavery
Subdivisión geográfica Brazil.
9 (RLIN) 39025
830 #0 - PUNTO DE ACCESO ADICIONAL DE SERIE-TÍTULO UNIFORME
Título uniforme Hamburger romanistische Studien,
Nombre de parte o sección de la obra B. Ibero-amerikanische Reihe,
Designación de volumen o secuencia 26.
9 (RLIN) 39026
Existencias
Estado de retiro Estado de pérdida Restricciones de uso No para préstamo Código de colección Localización permanente Ubicación/localización actual Ubicación en estantería Fecha de adquisición Número de inventario Total de préstamos Signatura topográfica completa Código de barras Fecha visto por última vez Precio válido a partir de Tipo de ítem Koha
      Excluido de préstamo Monografías: Libros y Folletos General General En catalogación 08.04.2010 LF1   17999-10 25.06.2020 25.06.2020 No se presta

Con tecnología Koha